00558nam a22001937a 450000500170000001000150001702000180003203500140005003500170006403700130008103700170009408200130011110000090012424500720013325000080020526000640021327000650027730000220034220240130144436.0 aENG-139089 a9789354095801 aEN-122621 aB-513991-996 bDBAD/PUB bBSB/Venadpl04a92021st1 d202210aFirst CitizenbPictorial Record of President Ram Nath Kovind's Term a1st aNew DelhibThe Director General, Publication Divisionc2022 aSoochna Bhawan, C.G.O. Complex, Lodhi Road, New Delhi-110003 a309 p. c30cm(Hb)